Occupational therapy: (Record no. 16728)

MARC details
000 -LEADER
fixed length control field 00485nam a22001817a 4500
003 - CONTROL NUMBER IDENTIFIER
control field mut
005 - DATE AND TIME OF LATEST TRANSACTION
control field 20240606081402.0
008 - FIXED-LENGTH DATA ELEMENTS--GENERAL INFORMATION
fixed length control field 180418b xxu||||| |||| 00| 0 eng d
020 ## - INTERNATIONAL STANDARD BOOK NUMBER
International Standard Book Number 1556423616
040 ## - CATALOGING SOURCE
Transcribing agency mut
050 ## - LIBRARY OF CONGRESS CALL NUMBER
Classification number RM 735
Item number .O36 1997
245 ## - TITLE STATEMENT
Title Occupational therapy:
Remainder of title enabling function and well-being
250 ## - EDITION STATEMENT
Edition statement 2nd ed.
260 ## - PUBLICATION, DISTRIBUTION, ETC.
Place of publication, distribution, etc. Thorofare, NJ
Name of publisher, distributor, etc. SLACK Incorporated
Date of publication, distribution, etc. 1997
700 ## - ADDED ENTRY--PERSONAL NAME
Personal name Christiansen, Charles H.
700 ## - ADDED ENTRY--PERSONAL NAME
Personal name Baum, Carolyn M.
942 ## - ADDED ENTRY ELEMENTS (KOHA)
Source of classification or shelving scheme Library of Congress Classification
Koha item type Books
Holdings
Withdrawn status Lost status Source of classification or shelving scheme Damaged status Not for loan Home library Current library Shelving location Date acquired Source of acquisition Total checkouts Full call number Barcode Date last seen Price effective from Koha item type
    Library of Congress Classification     Murang'a University of Technology Library Murang'a University of Technology Library General stacks 18/04/2018 Donation-TFC   RM 735 .O36 1997 020409 30/08/2024 18/04/2018 Books